LEADER 00993nam a2200253 i 4500 001 000000040523 003 CaOOAMICUS 005 20040623000000.0 008 040623s1964 it u000 u ita u 013 $a11693 040 $aSeMil$bita 100 1 $aSaalman, Howard.$0(OLS)http://semarc/name/19832 245 12$aL'architettura medievale /$cHoward Saalman. 260 $aMilano :$bRizzoli,$ccopyr. 1964. 300 $a133 p. :$briccamente ill. ;$c26 cm. 490 0 $aLe grandi civiltą architettoniche 500 $aContiene : Bibliografia. 650 4$aArchitettura - Medioevo.$0(OLS)http://semarc/subject/43682 830 3$aLe grandi civiltą architettoniche [Rizzoli].$0(OLS)http://semarc/title/15665 850 $aSeMil 852 $aSeMil$W1$xVenegono$y1$m5Q XI 23$j6678$B6678$CSeMilBibl$Z2$F6678 $81 961 $aOmaggio: Deposito 996 $6245$aL'architettura medievale$9(OLS)http://semarc/title/58250 996 $6260$aMilano :$bRizzoli$9(OLS)http://semarc/publisher/29824 LEADER 00996nam a2200241 i 4500 001 000000063435 003 CaOOAMICUS 005 20100211000000.0 008 100211s1966 it u000 u ita u 013 $a34607 040 $aSeMil$bita 100 1 $aHomery, P.$0(OLS)http://semarc/name/32065 245 13$aLa collaborazione con il vescovo /$cP. Homery. 260 $aBologna :$bPresbyterium,$cstampa 1966. 300 $a103 p. ;$c20 cm. 490 0 $aQuaderni di spiritualitą per il clero diocesano ;$v1 650 4$aSacerdozio - Spiritualitą.$0(OLS)http://semarc/subject/2395 830 0$aQuaderni di spiritualitą per il clero diocesano ;$v1.$0(OLS)http://semarc/title/6607 850 $aSeMil 852 $aSeMil$W1$xVenegono$y1$m3F V 626$j29588$B29588$CSeMilBibl$Z2$F29591 $81 961 $aOmaggio: Oggioni don Costantino 996 $6245$aLa collaborazione con il vescovo$9(OLS)http://semarc/title/100190 996 $6260$aBologna :$bPresbyterium$9(OLS)http://semarc/publisher/31311